Villes de Hongrie - Mort subite - Statistiques

Statistiques générales
  • Ce quiz a été pris 78 fois
  • Le résultat moyen est 11 sur 15
Answers on the Grid
Answers color-coded by a green-red scale on the quiz's grid according to % correct below.
Bratislava
Budapest
Cluj-Napoca
Débrecen
Eger
Érd
Győr
Jyväskylä
Košice
Kuopio
Miskolc
Mohács
Novi Sad
Nyiregyhaza
Oradea
Pécs
Szeged
Székesfehérvár
Szolnok
Szombathely
Tampere
Tatabánya
Varsovie
Veszprém
Vienne
 
Statistiques - réponses
Réponse % Correct
Budapest
98%
Szeged
83%
Veszprém
83%
Débrecen
82%
Pécs
82%
Székesfehérvár
78%
Győr
75%
Mohács
75%
Szombathely
75%
Nyiregyhaza
68%
Szolnok
68%
Érd
67%
Tatabánya
67%
Miskolc
63%
Eger
62%
Aucun quiz correspondant
Distribution des résultats
% des personnes avec chaque résultat
Percentile par nombre de réponses
Votre historique - résultats
Vous n’avez pas pris ce quiz